[Event "Wch Blitz"]
[Site "Samarkand"]
[Date "2023.12.29"]
[Round "6"]
[White "Vescovi, Giovanni P"]
[Black "Madaminov, Mukhiddin"]
[Result "0-1"]
[WhiteElo "2584"]
[BlackElo "2494"]
[PlyCount "56"]
[EventDate "2023.12.29"]
[EventType "swiss (blitz)"]
[EventRounds "21"]
[EventCountry "UZB"]
[SourceTitle "CB01_2024"]
[SourceDate "2024.01.03"]
[SourceVersion "1"]
[SourceVersionDate "2024.01.03"]
[SourceQuality "1"]

1. Nf3 Nf6 2. c4 e6 3. b3 d5 4. Bb2 c5 5. e3 Nc6 6. Be2 Be7 7. 0-0 0-0 8. d4 cxd4 9. exd4 b6 10. Nbd2 Bb7 11. Rc1 Rc8 12. Re1 dxc4 13. bxc4 Na5 14. Ne5 Bd6 15. Bf1 Bxe5 16. Rxe5 Nc6 17. Rg5 Nxd4 18. Nb3 h6 19. Rxg7+ Kxg7 20. Nxd4 Rc5 21. Qb3 Qd6 22. Rd1 Qf4 23. Ne2 Qg5 24. Rd7 Be4 25. Ng3 Bg6 26. Rxa7 e5 27. Qxb6 Rcc8 28. h4 Qf4 0-1

[Event "Wch Rapid"]
[Site "Samarkand"]
[Date "2023.12.28"]
[Round "12"]
[White "Nasuta, Grzegorz"]
[Black "Vescovi, Giovanni P"]
[Result "1-0"]
[WhiteElo "2579"]
[BlackElo "2584"]
[PlyCount "69"]
[EventDate "2023.12.26"]
[EventType "swiss (rapid)"]
[EventRounds "13"]
[EventCountry "UZB"]
[SourceTitle "CB01_2024"]
[SourceDate "2024.01.03"]
[SourceVersion "1"]
[SourceVersionDate "2024.01.03"]
[SourceQuality "1"]

1. e4 c6 2. d4 d5 3. e5 Bf5 4. Nf3 e6 5. Be2 Ne7 6. 0-0 Nc8 7. a4 Be7 8. a5 a6 9. Ne1 c5 10. c3 Nc6 11. dxc5 Bxc5 12. Bd3 Bg6 13. Bf4 N8e7 14. Nd2 Ba7 15. Nb3 Bb8 16. Qe2 Bc7 17. h4 Nxa5 18. Nxa5 Bxa5 19. h5 Bf5 20. Bg5 Bc7 21. Bxf5 exf5 22. h6 gxh6 23. Bf6 Rg8 24. Nd3 Qd7 25. Rfe1 Rg4 26. e6 Qxe6 27. Qxe6 fxe6 28. f3 Rg6 29. Rxe6 0-0-0 30. Rae1 Re8 31. Rxe7 Reg8 32. Re8+ Rxe8 33. Rxe8+ Kd7 34. Rf8 Bd6 35. Ne5+ 1-0

[Event "Wch Rapid"]
[Site "Samarkand"]
[Date "2023.12.26"]
[Round "1"]
[White "Pingin, Artem"]
[Black "Vescovi, Giovanni P"]
[Result "1-0"]
[WhiteElo "2419"]
[BlackElo "2584"]
[PlyCount "89"]
[EventDate "2023.12.26"]
[EventType "swiss (rapid)"]
[EventRounds "13"]
[EventCountry "UZB"]
[SourceTitle "CB01_2024"]
[SourceDate "2024.01.03"]
[SourceVersion "1"]
[SourceVersionDate "2024.01.03"]
[SourceQuality "1"]

1. e4 c6 2. Nc3 d5 3. d4 dxe4 4. Nxe4 Nd7 5. Ng5 e6 6. Bd3 Ngf6 7. Qe2 Bd6 8. N1f3 h6 9. Ne4 Nxe4 10. Qxe4 Nf6 11. Qe2 Qb6 12. 0-0 c5 13. dxc5 Qxc5 14. Be3 Qh5 15. Bb5+ Ke7 16. Rfd1 Rd8 17. h3 Bd7 18. a4 a6 19. Bxd7 Rxd7 20. c4 Rc8 21. b3 Ne4 22. Rd4 Nc5 23. Rad1 a5 24. Qe1 b6 25. b4 Nb7 26. b5 Nc5 27. Rh4 Qf5 28. Nd4 Qf6 29. Nc6+ Rxc6 30. bxc6 Rc7 31. Rhd4 Rxc6 32. Qe2 Qf5 33. Qb2 Be5 34. Qb5 Bxd4 35. Qxc6 Bxe3 36. Qd6+ Kf6 37. fxe3 Qe4 38. Rf1+ Kg6 39. Qg3+ Kh7 40. Rxf7 Qb1+ 41. Kh2 Qb2 42. Qf4 Nxa4 43. Qe4+ Kg8 44. Qxe6 Nc5 45. Qd5 1-0

[Event "Sharjah Masters 6th"]
[Site "Sharjah"]
[Date "2023.05.23"]
[Round "7"]
[White "Yuffa, Daniil"]
[Black "Vescovi, Giovanni P"]
[Result "1-0"]
[WhiteElo "2592"]
[BlackElo "2606"]
[PlyCount "75"]
[EventDate "2023.05.17"]
[EventType "swiss"]
[EventRounds "9"]
[EventCountry "UAE"]
[SourceTitle "CBM 215"]
[Source "ChessBase"]
[SourceDate "2023.08.31"]
[SourceVersion "1"]
[SourceVersionDate "2023.08.31"]
[SourceQuality "1"]

1. Nf3 Nf6 2. g3 d5 3. Bg2 c6 4. 0-0 Bf5 5. c4 e6 6. d3 Be7 7. cxd5 exd5 8. Qb3 Qb6 9. Qc2 0-0 10. Nc3 Nbd7 11. e4 Bg6 12. Nh4 dxe4 13. dxe4 Rad8 14. Be3 Qa5 15. h3 Nb6 16. Rad1 Nfd7 17. Nxg6 hxg6 18. Kh2 Nc4 19. Bc1 Nc5 20. f4 Ne6 21. e5 Bb4 22. h4 Bxc3 23. Qxc3 Qxc3 24. bxc3 Nc7 25. a4 Nd5 26. Rd4 Nde3 27. Bxe3 Nxe3 28. Rb1 c5 29. Rxd8 Rxd8 30. Bxb7 Rd2+ 31. Kh3 Nd1 32. Rb5 Nxc3 33. Rxc5 Nxa4 34. Rc8+ Kh7 35. Rf8 a5 36. Rxf7 Nc3 37. e6 Re2 38. e7 1-0

[Event "Sharjah Masters 6th"]
[Site "Sharjah"]
[Date "2023.05.17"]
[Round "1"]
[White "Gukesh, Dommaraju"]
[Black "Vescovi, Giovanni P"]
[Result "1-0"]
[WhiteElo "2732"]
[BlackElo "2606"]
[PlyCount "65"]
[EventDate "2023.05.17"]
[EventType "swiss"]
[EventRounds "9"]
[EventCountry "UAE"]
[SourceTitle "CBM 215"]
[Source "ChessBase"]
[SourceDate "2023.08.31"]
[SourceVersion "1"]
[SourceVersionDate "2023.08.31"]
[SourceQuality "1"]

1. e4 e5 2. Nf3 Nc6 3. Bb5 Nf6 4. d3 d6 5. 0-0 Be7 6. c3 0-0 7. Nbd2 Bg4 8. Re1 Nd7 9. h3 Bh5 10. Nf1 Bxf3 11. Qxf3 Bg5 12. Be3 Bxe3 13. Nxe3 Nb6 14. Rad1 a6 15. Bxc6 bxc6 16. d4 f6 17. Qg3 Qe8 18. f4 exf4 19. Qxf4 Qf7 20. b3 a5 21. Nf5 a4 22. c4 axb3 23. axb3 Nd7 24. b4 Rfd8 25. c5 dxc5 26. Qg3 Qf8 27. bxc5 Ra7 28. Rf1 g6 29. e5 Kh8 30. Nh4 f5 31. Rde1 Re8 32. Nxg6+ hxg6 33. Qxg6 1-0

[Event "Sao Paulo Generations"]
[Site "Sao Paulo"]
[Date "2022.02.06"]
[Round "6"]
[White "Fier, Alexandr"]
[Black "Vescovi, Giovanni P"]
[Result "1-0"]
[WhiteElo "2573"]
[BlackElo "2606"]
[PlyCount "47"]
[EventDate "2022.02.04"]
[EventType "tourn (rapid)"]
[EventRounds "6"]
[EventCountry "BRA"]
[EventCategory "14"]
[SourceTitle "CBM 206 Extra"]
[Source "ChessBase"]
[SourceDate "2022.03.31"]
[SourceVersion "1"]
[SourceVersionDate "2022.03.31"]
[SourceQuality "1"]
[WhiteTeam "BRA-A"]
[BlackTeam "BRA-B"]
[WhiteTeamCountry "BRA"]
[BlackTeamCountry "BRA"]

1. e4 c5 2. Nf3 e6 3. d4 cxd4 4. Nxd4 Nc6 5. Nc3 a6 6. Be2 Qc7 7. 0-0 Nf6 8. Be3 Be7 9. f4 d6 10. Kh1 0-0 11. Qe1 Nxd4 12. Bxd4 b5 13. a3 Bb7 14. Qg3 g6 15. f5 Rac8 16. Qh3 Qd7 17. Rad1 exf5 18. exf5 Rfe8 19. Bd3 Bc6 20. Rde1 Bd8 21. Rxe8+ Nxe8 22. Qh6 Qe7 23. fxg6 fxg6 24. Bxg6 1-0

[Event "Sao Paulo Generations"]
[Site "Sao Paulo"]
[Date "2022.02.05"]
[Round "3"]
[White "Vescovi, Giovanni P"]
[Black "Fier, Alexandr"]
[Result "1/2-1/2"]
[WhiteElo "2606"]
[BlackElo "2573"]
[PlyCount "163"]
[EventDate "2022.02.04"]
[EventType "tourn (rapid)"]
[EventRounds "6"]
[EventCountry "BRA"]
[EventCategory "14"]
[SourceTitle "CBM 206 Extra"]
[Source "ChessBase"]
[SourceDate "2022.03.31"]
[SourceVersion "1"]
[SourceVersionDate "2022.03.31"]
[SourceQuality "1"]
[WhiteTeam "BRA-B"]
[BlackTeam "BRA-A"]
[WhiteTeamCountry "BRA"]
[BlackTeamCountry "BRA"]

1. d4 d5 2. Nf3 Nf6 3. c4 e6 4. g3 Bb4+ 5. Bd2 Be7 6. Bg2 0-0 7. 0-0 Nbd7 8. Qc2 c6 9. Rd1 b6 10. Bf4 Ba6 11. b3 Rc8 12. Nc3 h6 13. e4 dxc4 14. h3 Bb4 15. Nd2 Qe7 16. Nxc4 Bxc4 17. bxc4 e5 18. Be3 exd4 19. Bxd4 Bc5 20. f4 Rfd8 21. Kh2 Ne8 22. e5 Nf8 23. Bxc5 Qxc5 24. Ne4 Qe7 25. c5 bxc5 26. Qxc5 Qxc5 27. Nxc5 Nc7 28. Nb7 Rxd1 29. Rxd1 Nd5 30. Rc1 Rb8 31. Rxc6 Ne3 32. Rc7 Ne6 33. Rd7 g5 34. fxg5 hxg5 35. Be4 Nc4 36. Nd6 Nxe5 37. Rxa7 Rb2+ 38. Kg1 Nd4 39. Ra8+ Kg7 40. Nf5+ Nxf5 41. Bxf5 Nf3+ 42. Kf1 Nd4 43. Bd3 Rd2 44. Ra3 f5 45. Ra7+ Kf6 46. Ra6+ Ke7 47. Ra7+ Kd6 48. Ra6+ Kc7 49. Bc4 Rh2 50. Rg6 Nf3 51. Bd5 Nd2+ 52. Kg1 Rxh3 53. Rxg5 f4 54. gxf4 Nf3+ 55. Bxf3 Rxf3 56. Rf5 Ra3 57. Kg2 Kd6 58. Re5 Rxa2+ 59. Kg3 Ra8 60. Re1 Rg8+ 61. Kh4 Rf8 62. Kg5 Rg8+ 63. Kh6 Rf8 64. Re4 Kd5 65. Re5+ Kd6 66. Re4 Kd5 67. Re5+ Kd6 68. Kg5 Rg8+ 69. Kf5 Rf8+ 70. Kg4 Rg8+ 71. Rg5 Rb8 72. Rg7 Ke6 73. Kg5 Rb5+ 74. Kg6 Rf5 75. Re7+ Kxe7 76. Kxf5 Kf7 77. Ke5 Ke7 78. f5 Kf7 79. f6 Kf8 80. Ke6 Ke8 81. f7+ Kf8 82. Kf6 1/2-1/2

[Event "Sao Paulo Generations"]
[Site "Sao Paulo"]
[Date "2022.02.04"]
[Round "1"]
[White "Supi, Luis Paulo"]
[Black "Vescovi, Giovanni P"]
[Result "1-0"]
[WhiteElo "2581"]
[BlackElo "2606"]
[PlyCount "49"]
[EventDate "2022.02.04"]
[EventType "tourn (rapid)"]
[EventRounds "6"]
[EventCountry "BRA"]
[EventCategory "14"]
[SourceTitle "CBM 206 Extra"]
[Source "ChessBase"]
[SourceDate "2022.03.31"]
[SourceVersion "1"]
[SourceVersionDate "2022.03.31"]
[SourceQuality "1"]
[WhiteTeam "BRA-A"]
[BlackTeam "BRA-B"]
[WhiteTeamCountry "BRA"]
[BlackTeamCountry "BRA"]

1. e4 c5 2. Nf3 e6 3. d4 cxd4 4. Nxd4 Nc6 5. Nc3 Qc7 6. Be3 a6 7. g4 b5 8. Nxc6 Qxc6 9. Qd2 b4 10. Ne2 Qxe4 11. Rg1 Qc4 12. Nf4 Qc7 13. 0-0-0 a5 14. Kb1 a4 15. Nh5 Ra5 16. Bd4 f6 17. g5 Kf7 18. Bd3 f5 19. Qe3 Bc5 20. Bxf5 Bxd4 21. Qxd4 Qe5 22. g6+ Kf8 23. Qb6 Nf6 24. Nxf6 Ke7 25. Qxb4+ 1-0

[Event "Paulista-chTB"]
[Site "Sao Paulo"]
[Date "2015.03.07"]
[Round "5.1"]
[White "Vescovi, Giovanni P"]
[Black "Leitao, Rafael Duailibe"]
[Result "1-0"]
[WhiteElo "2578"]
[BlackElo "2533"]
[PlyCount "73"]
[EventDate "2015.02.28"]
[EventType "team-tourn"]
[EventRounds "7"]
[EventCountry "BRA"]
[SourceTitle "EXT 2017"]
[Source "ChessBase"]
[SourceDate "2016.10.25"]
[SourceVersion "1"]
[SourceVersionDate "2016.10.25"]
[SourceQuality "1"]
[WhiteTeam "Pinheiros"]
[BlackTeam "Sao Jose FIP"]
[WhiteTeamCountry "BRA"]
[BlackTeamCountry "BRA"]

1. b4 e5 2. Bb2 Bxb4 3. Bxe5 Nf6 4. c4 0-0 5. Nf3 Nc6 6. Bb2 d5 7. cxd5 Nxd5 8. e3 Bf5 9. Be2 Nb6 10. a3 Ba5 11. 0-0 Bd3 12. Nd4 Bxe2 13. Qxe2 Nxd4 14. Bxd4 Qd7 15. Rc1 Na4 16. Ra2 Bb6 17. Ba1 Nc5 18. d4 Nb3 19. Rd1 Nxa1 20. Rxa1 f5 21. g3 Rae8 22. Qf3 c6 23. Nc3 Bc7 24. a4 Bd6 25. a5 Bb4 26. Na4 Bxa5 27. Nc5 Qc7 28. Nxb7 Bb6 29. Nc5 Bxc5 30. dxc5 Re5 31. Qf4 Rfe8 32. Ra6 Qb7 33. Qa4 Rxc5 34. Rxa7 Qb2 35. Rdd7 Rc1+ 36. Kg2 g6 37. Qh4 1-0

[Event "Paulista-chT Interclubes"]
[Site "Sao Paulo"]
[Date "2013.02.??"]
[Round "5"]
[White "Mandetta, Joao Danilo"]
[Black "Vescovi, Giovanni P"]
[Result "0-1"]
[WhiteElo "2134"]
[BlackElo "2606"]
[PlyCount "52"]
[EventDate "2013.02.25"]
[EventType "team-tourn"]
[EventRounds "7"]
[EventCountry "BRA"]
[SourceTitle "EXT 2022"]
[Source "ChessBase"]
[SourceDate "2021.10.06"]
[SourceVersion "1"]
[SourceVersionDate "2021.10.06"]
[SourceQuality "1"]
[WhiteTeam "Santos CX II"]
[BlackTeam "Pinheiros EC"]
[WhiteTeamCountry "BRA"]
[BlackTeamCountry "BRA"]

1. d4 Nf6 2. c4 e6 3. Nc3 Bb4 4. f3 d5 5. a3 Be7 6. e4 dxe4 7. fxe4 e5 8. d5 0-0 9. Nf3 Bg4 10. h3 Bxf3 11. Qxf3 Nbd7 12. Bd3 Bc5 13. Bg5 c6 14. Bc2 Bd4 15. Rb1 Qa5 16. Bd2 Qa6 17. Qe2 Rac8 18. g4 Ne8 19. Kf1 Nd6 20. b3 b5 21. dxc6 Qxc6 22. Nd5 Rfe8 23. Kg2 bxc4 24. b4 Nb6 25. Nc3 Bxc3 26. Bxc3 Nb5 0-1

[Event "Paulista-chT Interclubes"]
[Site "Sao Paulo"]
[Date "2013.02.??"]
[Round "2"]
[White "Vescovi, Giovanni P"]
[Black "Cubas, Jose Fernando"]
[Result "1-0"]
[WhiteElo "2606"]
[BlackElo "2537"]
[PlyCount "139"]
[EventDate "2013.02.25"]
[EventType "team-tourn"]
[EventRounds "7"]
[EventCountry "BRA"]
[SourceTitle "EXT 2022"]
[Source "ChessBase"]
[SourceDate "2021.10.06"]
[SourceVersion "1"]
[SourceVersionDate "2021.10.06"]
[SourceQuality "1"]
[WhiteTeam "Pinheiros EC"]
[BlackTeam "Santos CX"]
[WhiteTeamCountry "BRA"]
[BlackTeamCountry "BRA"]

1. d4 d5 2. Nf3 Nf6 3. c4 c6 4. e3 Bg4 5. Nc3 Bxf3 6. Qxf3 e6 7. Bd3 Bb4 8. 0-0 0-0 9. Bd2 Nbd7 10. Rfd1 Bd6 11. Qe2 e5 12. cxd5 cxd5 13. Nb5 Bb8 14. dxe5 Nxe5 15. Bc3 Re8 16. Nd4 a6 17. Bc2 Qd6 18. Bb3 Ne4 19. Nf5 Qf6 20. Ng3 Nxc3 21. bxc3 Nc6 22. Bxd5 Bxg3 23. hxg3 Qxc3 24. Rab1 Na5 25. Bxb7 Nxb7 26. Rxb7 Rad8 27. Rdb1 Qa3 28. Qc4 Rf8 29. Rc7 h6 30. Rbb7 Rd1+ 31. Kh2 Qa5 32. g4 Qe5+ 33. Qf4 Qxf4+ 34. exf4 Rd2 35. Kg3 Rxa2 36. f5 Rd2 37. Ra7 Rd3+ 38. f3 Rd6 39. Kh4 Rf6 40. Rc5 Rb8 41. f4 g6 42. fxg6 Rxf4 43. gxf7+ Rxf7 44. Rxa6 Rb4 45. Rxh6 Rg7 46. Rc8+ Kf7 47. Rc7+ Kg8 48. Rc8+ Kf7 49. Rc7+ Kg8 50. Rxg7+ Kxg7 51. Ra6 Rb5 52. g5 Rb2 53. Kh5 Rb7 54. g4 Rc7 55. Rg6+ Kh7 56. Rd6 Kg7 57. Rb6 Ra7 58. Rc6 Rb7 59. Ra6 Rc7 60. Rg6+ Kh7 61. Rf6 Kg7 62. Rf5 Rb7 63. g6 Rb8 64. Rf7+ Kg8 65. Ra7 Rc8 66. Kh6 Rb8 67. Ra6 Rf8 68. Rb6 Rd8 69. g7 Re8 70. Rf6 1-0

[Event "Olympiad-40"]
[Site "Istanbul"]
[Date "2012.09.09"]
[Round "11.2"]
[White "Vescovi, Giovanni P"]
[Black "Tikkanen, Hans"]
[Result "1/2-1/2"]
[WhiteElo "2617"]
[BlackElo "2570"]
[PlyCount "85"]
[EventDate "2012.08.28"]
[EventType "team-swiss"]
[EventRounds "11"]
[EventCountry "TUR"]
[SourceTitle "CBM 151"]
[Source "ChessBase"]
[SourceDate "2012.11.13"]
[SourceVersion "1"]
[SourceVersionDate "2012.11.13"]
[SourceQuality "1"]
[WhiteTeam "Brazil"]
[BlackTeam "Sweden"]
[WhiteTeamCountry "BRA"]
[BlackTeamCountry "SWE"]

1. d4 d5 2. e3 Bf5 3. c4 c6 4. Nc3 e6 5. Nf3 Nd7 6. Bd3 Bxd3 7. Qxd3 Ngf6 8. 0-0 Bb4 9. Bd2 a5 10. a3 Bxc3 11. Bxc3 Ne4 12. a4 0-0 13. Nd2 Ndf6 14. Rfd1 Nxc3 15. bxc3 b6 16. cxd5 exd5 17. c4 Rb8 18. Rac1 Qe7 19. h3 Rfc8 20. Qb3 c5 21. Nf3 dxc4 22. Qxc4 Ne4 23. Ne5 Qe8 24. Qb5 cxd4 25. Qxe8+ Rxe8 26. Nc6 Nc3 27. Nxb8 Nxd1 28. Rxd1 Rxb8 29. Rxd4 Kf8 30. Rd7 b5 31. axb5 Rxb5 32. Ra7 Rb1+ 33. Kh2 Ra1 34. g4 h6 35. h4 g6 36. h5 gxh5 37. gxh5 Kg7 38. Ra6 a4 39. Kg3 Rg1+ 40. Kf4 Rh1 41. e4 Rh4+ 42. Ke3 Rxh5 43. Rxa4 1/2-1/2

[Event "Olympiad-40"]
[Site "Istanbul"]
[Date "2012.09.07"]
[Round "10.2"]
[White "Gonzalez Zamora, Juan Carlos"]
[Black "Vescovi, Giovanni P"]
[Result "1-0"]
[WhiteElo "2553"]
[BlackElo "2617"]
[PlyCount "86"]
[EventDate "2012.08.28"]
[EventType "team-swiss"]
[EventRounds "11"]
[EventCountry "TUR"]
[SourceTitle "CBM 151"]
[Source "ChessBase"]
[SourceDate "2012.11.13"]
[SourceVersion "1"]
[SourceVersionDate "2012.11.13"]
[SourceQuality "1"]
[WhiteTeam "Mexico"]
[BlackTeam "Brazil"]
[WhiteTeamCountry "MEX"]
[BlackTeamCountry "BRA"]

1. d4 d5 2. Nf3 Nf6 3. e3 c6 4. c4 Bf5 5. Nc3 e6 6. Bd3 Bg6 7. 0-0 Nbd7 8. b3 Bd6 9. Bb2 0-0 10. h3 Qe7 11. Re1 Ne4 12. a3 f5 13. Ne2 Bh5 14. Ne5 Nxe5 15. dxe5 Bc7 16. Qc2 Bxe2 17. Rxe2 Rad8 18. b4 h6 19. Rc1 Bb6 20. Kh2 Ng5 21. cxd5 cxd5 22. Bd4 f4 23. Bxb6 axb6 24. exf4 Rxf4 25. Qc7 Qxc7 26. Rxc7 Rf7 27. Rec2 Rdd7 28. Rc8+ Rf8 29. h4 Nf7 30. Bh7+ Kxh7 31. Rxf8 Nxe5 32. Re2 Ng6 33. Rf3 d4 34. h5 Nh4 35. Rd3 Rd5 36. Rxe6 Rxh5 37. g4 Rg5 38. Kh3 Ng6 39. Rxd4 h5 40. f3 b5 41. Kg3 Ne5 42. Kf4 hxg4 43. Rxe5 gxf3 1-0

[Event "Olympiad-40"]
[Site "Istanbul"]
[Date "2012.09.06"]
[Round "9.2"]
[White "Zhigalko, Andrey"]
[Black "Vescovi, Giovanni P"]
[Result "1/2-1/2"]
[WhiteElo "2582"]
[BlackElo "2617"]
[PlyCount "83"]
[EventDate "2012.08.28"]
[EventType "team-swiss"]
[EventRounds "11"]
[EventCountry "TUR"]
[SourceTitle "CBM 151"]
[Source "ChessBase"]
[SourceDate "2012.11.13"]
[SourceVersion "1"]
[SourceVersionDate "2012.11.13"]
[SourceQuality "1"]
[WhiteTeam "Belarus"]
[BlackTeam "Brazil"]
[WhiteTeamCountry "BLR"]
[BlackTeamCountry "BRA"]

1. e4 e6 2. d4 d5 3. Nc3 Nf6 4. e5 Nfd7 5. f4 c5 6. Nf3 Nc6 7. Be3 Be7 8. dxc5 Nxc5 9. Qd2 0-0 10. 0-0-0 Qa5 11. Kb1 Rd8 12. Nd4 Bf8 13. g4 Bd7 14. h4 b5 15. Ncxb5 Nb4 16. a3 Ne4 17. Qe1 Rab8 18. Bd2 Nxd2+ 19. Qxd2 Nc6 20. Nxc6 Qxd2 21. Rxd2 Bxc6 22. Nd4 Bd7 23. Rh3 f6 24. exf6 gxf6 25. Bg2 Kg7 26. Re2 Rb6 27. Rhe3 Rdb8 28. b4 a5 29. Nxe6+ Bxe6 30. Rxe6 axb4 31. a4 Rxe6 32. Rxe6 Ra8 33. Rc6 h6 34. Bxd5 Rxa4 35. Rc7+ Kh8 36. g5 hxg5 37. fxg5 fxg5 38. hxg5 Bd6 39. Rc8+ Kg7 40. Rg8+ Kh7 41. g6+ Kh6 42. Ra8 1/2-1/2

[Event "Olympiad-40"]
[Site "Istanbul"]
[Date "2012.08.31"]
[Round "4.1"]
[White "Solomon, Kenny"]
[Black "Vescovi, Giovanni P"]
[Result "1/2-1/2"]
[WhiteElo "2414"]
[BlackElo "2617"]
[PlyCount "116"]
[EventDate "2012.08.28"]
[EventType "team-swiss"]
[EventRounds "11"]
[EventCountry "TUR"]
[SourceTitle "CBM 151"]
[Source "ChessBase"]
[SourceDate "2012.11.13"]
[SourceVersion "1"]
[SourceVersionDate "2012.11.13"]
[SourceQuality "1"]
[WhiteTeam "South Africa"]
[BlackTeam "Brazil"]
[WhiteTeamCountry "RSA"]
[BlackTeamCountry "BRA"]

1. d4 Nf6 2. c4 e6 3. Nf3 b6 4. g3 Bb7 5. Bg2 Be7 6. 0-0 0-0 7. Re1 Qc8 8. Bg5 h6 9. Bxf6 Bxf6 10. e4 d6 11. Nc3 Nd7 12. Qd2 a6 13. Rad1 Re8 14. h4 c5 15. dxc5 Nxc5 16. Qxd6 Bxc3 17. bxc3 Nxe4 18. Qxb6 Nxc3 19. Rd4 Na4 20. Qa5 Nc5 21. Qc3 Qc7 22. Ne5 Bxg2 23. Kxg2 Rad8 24. Nf3 Rxd4 25. Nxd4 Rd8 26. Nb3 Nd3 27. Re3 Qb7+ 28. Kg1 Nb4 29. Nc1 Nc6 30. Nb3 Nb4 31. Nc1 Rc8 32. Qb3 Qe7 33. Ne2 Qc5 34. a3 Nc6 35. Qb7 Rb8 36. Qxa6 Ne5 37. Nf4 Ng4 38. Re2 Rb3 39. Qa8+ Kh7 40. Kg2 Qxc4 41. Qe4+ Qxe4+ 42. Rxe4 Rxa3 43. Re2 g5 44. hxg5 hxg5 45. Nh3 Kg6 46. Ng1 Kf5 47. Nf3 e5 48. Ne1 f6 49. Nc2 Rc3 50. f3 Nh6 51. Ne3+ Ke6 52. g4 Nf7 53. Nf5 Nh8 54. Ra2 Rc6 55. Ng7+ Kd6 56. Nf5+ Ke6 57. Ng7+ Kd6 58. Nf5+ Ke6 1/2-1/2

[Event "Fortaleza Brazil op 2nd"]
[Site "Fortaleza"]
[Date "2012.04.07"]
[Round "4"]
[White "Limp, Eduardo Thelio"]
[Black "Vescovi, Giovanni P"]
[Result "0-1"]
[WhiteElo "2382"]
[BlackElo "2604"]
[PlyCount "38"]
[EventDate "2012.04.05"]
[EventType "swiss"]
[EventRounds "7"]
[EventCountry "BRA"]
[SourceTitle "CBM 147 Extra"]
[Source "ChessBase"]
[SourceDate "2012.04.24"]
[SourceVersion "1"]
[SourceVersionDate "2012.04.24"]
[SourceQuality "1"]

1. e4 c5 2. Nf3 d6 3. d4 cxd4 4. Nxd4 Nf6 5. Nc3 a6 6. Bg5 Nbd7 7. Qd2 b5 8. f3 e6 9. 0-0-0 Bb7 10. Bxb5 axb5 11. Ndxb5 Ra6 12. f4 Qb8 13. e5 Ne4 14. Qd4 Nxc3 15. Qxc3 Rc6 16. Nxd6+ Bxd6 17. Qd4 0-0 18. exd6 Rfc8 19. Rd2 Rc4 0-1

[Event "Luiz Rego Memorial"]
[Site "Teresina"]
[Date "2012.03.18"]
[Round "6"]
[White "Vescovi, Giovanni P"]
[Black "Luz, Edmundo Reis"]
[Result "1-0"]
[WhiteElo "2604"]
[BlackElo "2134"]
[PlyCount "130"]
[EventDate "2012.03.16"]
[EventType "swiss"]
[EventRounds "6"]
[EventCountry "BRA"]
[SourceTitle "CBM 147 Extra"]
[Source "ChessBase"]
[SourceDate "2012.04.24"]
[SourceVersion "1"]
[SourceVersionDate "2012.04.24"]
[SourceQuality "1"]

1. e4 d6 2. d4 Nf6 3. Nc3 g6 4. Nf3 Bg7 5. Be3 0-0 6. Qd2 c6 7. Bh6 b5 8. Bxg7 Kxg7 9. Bd3 Bg4 10. Ng5 e5 11. h3 Bc8 12. dxe5 dxe5 13. a4 b4 14. Ne2 c5 15. f4 Nc6 16. 0-0-0 Qe7 17. Bb5 Rd8 18. Qe3 Bb7 19. Bc4 exf4 20. Nxf4 Ne5 21. Bd5 h6 22. Nf3 Nxf3 23. Qxf3 Nxe4 24. Ne6+ fxe6 25. Bxe4 Bd5 26. Kb1 Qb7 27. Rhf1 Rf8 28. Bxd5 exd5 29. Qe3 c4 30. Qe5+ Kh7 31. Rxf8 Rxf8 32. Qxd5 Qxd5 33. Rxd5 Rf1+ 34. Ka2 Rf2 35. Rd7+ Kg8 36. Rxa7 Rxc2 37. Rb7 b3+ 38. Ka3 Rxg2 39. Rc7 Rc2 40. a5 Rc1 41. Kb4 Rb1 42. Rxc4 Rxb2 43. Rc3 Kf7 44. Rxb3 Ra2 45. Ra3 Rb2+ 46. Kc3 Rb7 47. a6 Ra7 48. Kc4 Kf6 49. Kb5 Kg5 50. Rg3+ Kh5 51. Kb6 Rf7 52. a7 Rf6+ 53. Kb5 Rf5+ 54. Kc4 Rf4+ 55. Kc3 Rf8 56. Rg4 Ra8 57. Ra4 g5 58. Kc4 Kg6 59. Kd4 Kf5 60. Ke3 h5 61. Ra5+ Kf6 62. Ke4 Re8+ 63. Kf3 Ra8 64. Ra1 Ke5 65. Rh1 Kf5 1-0

[Event "Luiz Rego Memorial"]
[Site "Teresina"]
[Date "2012.03.17"]
[Round "3"]
[White "Lima Neto, Pedro"]
[Black "Vescovi, Giovanni P"]
[Result "0-1"]
[WhiteElo "2058"]
[BlackElo "2604"]
[PlyCount "35"]
[EventDate "2012.03.16"]
[EventType "swiss"]
[EventRounds "6"]
[EventCountry "BRA"]
[SourceTitle "CBM 147 Extra"]
[Source "ChessBase"]
[SourceDate "2012.04.24"]
[SourceVersion "1"]
[SourceVersionDate "2012.04.24"]
[SourceQuality "1"]

1. d4 Nf6 2. c4 g6 3. Nc3 d5 4. cxd5 Nxd5 5. e4 Nxc3 6. bxc3 Bg7 7. Nf3 c5 8. Be3 0-0 9. Qd2 Bg4 10. Rc1 Nd7 11. Bd3 Qa5 12. Ng5 Nb6 13. h3 Bd7 14. Nf3 e6 15. 0-0 Bc6 16. Ne5 cxd4 17. Bxd4 Bxe5 18. Bxe5 0-1

[Event "Caxias do Sul op 12th"]
[Site "Caxias do Sul"]
[Date "2012.03.04"]
[Round "9"]
[White "Hungaski, Robert Andrew"]
[Black "Vescovi, Giovanni P"]
[Result "0-1"]
[WhiteElo "2507"]
[BlackElo "2604"]
[PlyCount "96"]
[EventDate "2012.03.03"]
[EventType "swiss (rapid)"]
[EventRounds "9"]
[EventCountry "BRA"]
[SourceTitle "CBM 147 Extra"]
[Source "ChessBase"]
[SourceDate "2012.04.24"]
[SourceVersion "1"]
[SourceVersionDate "2012.04.24"]
[SourceQuality "1"]

1. c4 e5 2. g3 Nc6 3. Bg2 g6 4. Nc3 Bg7 5. e4 h5 6. h4 Nge7 7. Nge2 0-0 8. d3 d6 9. 0-0 Bg4 10. f3 Be6 11. Nd5 Nb8 12. Bg5 f6 13. Be3 c6 14. Nxe7+ Qxe7 15. f4 Bg4 16. Qd2 Nd7 17. Nc3 f5 18. Rae1 Rae8 19. d4 a6 20. exf5 gxf5 21. fxe5 dxe5 22. d5 e4 23. Ne2 Ne5 24. b3 Nd3 25. Nf4 Nxe1 26. Rxe1 cxd5 27. cxd5 Qd6 28. b4 Rc8 29. Bd4 Rc2 30. Qxc2 Bxd4+ 31. Kh2 Be5 32. Qd2 Bxf4 33. gxf4 Rd8 34. Rc1 Qxd5 35. Qb2 Qd6 36. Kg3 Kh7 37. Qe5 Qxe5 38. fxe5 e3 39. Bxb7 Rd4 40. Bxa6 f4+ 41. Kh2 Rd2+ 42. Kg1 f3 43. e6 Bxe6 44. Rc7+ Kh8 45. Re7 Rg2+ 46. Kh1 Rg6 47. Re8+ Kg7 48. Rd8 e2 0-1